000 00149nam a22000857a 4500
082 _a823
100 _aP S SUNDARAM
245 _aDASA AVATAR
942 _cBK
999 _c8522
_d8522